000 00481nam a22001937a 4500
003 MPLRDC
005 20220104181422.0
008 210129b ||||| |||| 00| 0 eng d
020 _a983-878-248-3
082 _a524.934 TBL 1993
100 _aHAJI MOHD. MISAN BIN MASTOR
245 _aSEJARAH MALAYSIA SPM
_c
250 _a初版
260 _a
_bPELANGI
_c1993
300 _b
490 _aSIRI BIMBINGAN PELANGI FOKUS KBSM
650 _a
942 _cBK
_o524.934 TBL 1993
999 _c61429
_d61419